[Event "Aragon-chT Honor Titulo"]
[Site "Aragon"]
[Date "2019.03.23"]
[Round "9.12"]
[White "Cerrajeria Ruiz, Jesus Maria"]
[Black "Melendez Fierro, Juan Bautista"]
[Result "1-0"]
[WhiteElo "2137"]
[BlackElo "2108"]
[PlyCount "73"]
[EventDate "2019.03.16"]
[EventType "team-tourn"]
[EventRounds "10"]
[EventCountry "ESP"]
[SourceTitle "EXT 2020"]
[Source "ChessBase"]
[SourceDate "2019.10.17"]
[SourceVersion "1"]
[SourceVersionDate "2019.10.17"]
[SourceQuality "1"]
[WhiteTeam "Helios"]
[BlackTeam "El Olivar"]
[WhiteTeamCountry "ESP"]
[BlackTeamCountry "ESP"]

1. Nf3 Nf6 2. g3 g6 3. Bg2 Bg7 4. c4 0-0 5. Nc3 d6 6. d3 e5 7. c5 Nc6 8. cxd6 cxd6 9. 0-0 Re8 10. Bg5 h6 11. Bxf6 Bxf6 12. Qd2 Kh7 13. Nd5 Be6 14. Nxf6+ Qxf6 15. Rfc1 Bd5 16. Ng5+ hxg5 17. Bxd5 Rac8 18. b4 Qe7 19. Rc4 Nd4 20. Rac1 Rxc4 21. Rxc4 g4 22. a4 b6 23. Kg2 Kg7 24. e3 Nf3 25. Qc3 Rh8 26. h4 Nxh4+ 27. gxh4 Qxh4 28. Kf1 Qh3+ 29. Bg2 Qh5 30. Qe1 Qf5 31. Be4 Qe6 32. Rc7 d5 33. Bg2 Qd6 34. Qc3 d4 35. exd4 exd4 36. Qc4 g3 37. Qxf7+ 1-0

[Event "Aragon-chT Honor Gr-A"]
[Site "Aragon"]
[Date "2019.01.26"]
[Round "1.12"]
[White "Barcena Laguia, Francisco"]
[Black "Melendez Fierro, Juan Bautista"]
[Result "0-1"]
[WhiteElo "1804"]
[BlackElo "2108"]
[PlyCount "92"]
[EventDate "2019.01.26"]
[EventType "team-tourn"]
[EventRounds "7"]
[EventCountry "ESP"]
[SourceTitle "EXT 2020"]
[Source "ChessBase"]
[SourceDate "2019.10.17"]
[SourceVersion "1"]
[SourceVersionDate "2019.10.17"]
[SourceQuality "1"]
[WhiteTeam "Teruel"]
[BlackTeam "El Olivar"]
[WhiteTeamCountry "ESP"]
[BlackTeamCountry "ESP"]

1. d4 Nf6 2. Nc3 d5 3. Bf4 c6 4. e3 Bf5 5. Nf3 Nbd7 6. Bd3 e6 7. 0-0 Be7 8. Re1 0-0 9. h3 Bxd3 10. cxd3 c5 11. Bh2 a6 12. e4 cxd4 13. Nxd4 Qb6 14. Nb3 dxe4 15. dxe4 Rfd8 16. Qf3 Bb4 17. Rac1 Rac8 18. Red1 Bxc3 19. Rxc3 Rxc3 20. bxc3 Nf8 21. Rxd8 Qxd8 22. Be5 Ng6 23. Bxf6 gxf6 24. Nd4 Kf8 25. Qh5 Qc7 26. Ne2 Qc4 27. Qh6+ Ke7 28. Qd2 Qxe4 29. Ng3 Qc4 30. Qe3 Ne5 31. Ne4 Nd7 32. Ng3 Qc5 33. Qf3 Qd5 34. Qe2 b5 35. Nf1 Qe5 36. Ne3 f5 37. f4 Qe4 38. g4 fxg4 39. hxg4 Nb6 40. f5 Nc4 41. f6+ Ke8 42. Kf2 Qxe3+ 43. Qxe3 Nxe3 44. Kxe3 Kd7 45. g5 Kd6 46. Ke4 e5 0-1

[Event "Aragon-chT Preferente Gr II"]
[Site "Aragon"]
[Date "2018.01.27"]
[Round "1.57"]
[White "Melendez Fierro, Juan Bautista"]
[Black "Planas Torrea, Francisco Javier"]
[Result "1/2-1/2"]
[WhiteElo "2117"]
[BlackElo "2029"]
[PlyCount "53"]
[EventDate "2018.01.27"]
[EventType "team-tourn"]
[EventRounds "9"]
[EventCountry "ESP"]
[SourceTitle "EXT 2019"]
[Source "ChessBase"]
[SourceDate "2018.10.10"]
[SourceVersion "1"]
[SourceVersionDate "2018.10.10"]
[SourceQuality "1"]
[WhiteTeam "El Olivar II"]
[BlackTeam "Ejea"]
[WhiteTeamCountry "ESP"]
[BlackTeamCountry "ESP"]

1. Nf3 Nf6 2. d4 g6 3. g3 Bg7 4. Bg2 0-0 5. 0-0 d5 6. c4 c6 7. cxd5 cxd5 8. Nc3 Nc6 9. Ne5 e6 10. f4 Bd7 11. Be3 Ne7 12. Bf2 Nf5 13. Rc1 Nd6 14. Qd3 b5 15. b3 b4 16. Nxd7 Qxd7 17. Na4 Qb5 18. Qxb5 Nxb5 19. Rc6 Ng4 20. e3 Rac8 21. Rcc1 Nc3 22. Nxc3 Rxc3 23. Rxc3 bxc3 24. Rc1 Nxf2 25. Kxf2 Rc8 26. Ke2 Bf8 27. Kd3 1/2-1/2

[Event "Aragon-chT Honor 7_10"]
[Site "Aragon"]
[Date "2017.03.25"]
[Round "9.15"]
[White "Melendez Fierro, Juan Bautista"]
[Black "Roque Sola, Jose Luis"]
[Result "1-0"]
[WhiteElo "2134"]
[BlackElo "2177"]
[PlyCount "61"]
[EventDate "2017.03.11"]
[EventType "team-tourn"]
[EventRounds "9"]
[EventCountry "ESP"]
[SourceTitle "EXT 2018"]
[Source "ChessBase"]
[SourceDate "2017.10.13"]
[SourceVersion "1"]
[SourceVersionDate "2017.10.13"]
[SourceQuality "1"]
[WhiteTeam "El Olivar"]
[BlackTeam "Agrupacion"]
[WhiteTeamCountry "ESP"]
[BlackTeamCountry "ESP"]

1. e4 e6 2. d3 d5 3. Nd2 Nf6 4. Ngf3 c5 5. g3 b6 6. Bg2 Bb7 7. exd5 Bxd5 8. 0-0 Be7 9. b3 Qc7 10. Bb2 0-0 11. Qe2 Nbd7 12. c4 Bb7 13. Ne4 Rad8 14. Rad1 Nxe4 15. dxe4 Bf6 16. Bxf6 Nxf6 17. Nh4 Rd4 18. Rxd4 cxd4 19. e5 Bxg2 20. Kxg2 d3 21. Qxd3 Qxe5 22. Rd1 g6 23. Nf3 Qh5 24. Qd4 Kg7 25. h3 Rc8 26. Ne5 Rc5 27. Re1 Qf5 28. g4 Qg5 29. b4 Rc8 30. f4 Qh4 31. Nf3 1-0

[Event "Aragon-chT Honor GrB"]
[Site "Aragon"]
[Date "2017.01.28"]
[Round "1.24"]
[White "Melendez Fierro, Juan Bautista"]
[Black "Goni Navarro, Pablo"]
[Result "0-1"]
[WhiteElo "2134"]
[BlackElo "2135"]
[PlyCount "106"]
[EventDate "2017.01.28"]
[EventType "team-tourn"]
[EventRounds "7"]
[EventCountry "ESP"]
[SourceTitle "EXT 2018"]
[Source "ChessBase"]
[SourceDate "2017.10.13"]
[SourceVersion "1"]
[SourceVersionDate "2017.10.13"]
[SourceQuality "1"]
[WhiteTeam "El Olivar"]
[BlackTeam "St Casablanca"]
[WhiteTeamCountry "ESP"]
[BlackTeamCountry "ESP"]

1. e4 c5 2. Nc3 g6 3. f4 Bg7 4. Nf3 d6 5. Bb5+ Bd7 6. Bxd7+ Qxd7 7. a4 Nc6 8. 0-0 e6 9. d3 Nge7 10. Qe1 0-0 11. Ne2 Rac8 12. c3 f5 13. Be3 Rce8 14. Rd1 b6 15. b4 Nd8 16. b5 Nf7 17. Bf2 e5 18. fxe5 dxe5 19. Bg3 Qb7 20. Nc1 a6 21. Nb3 axb5 22. axb5 Qd7 23. c4 Ra8 24. Qc3 Ra3 25. Ra1 Rxa1 26. Nxa1 f4 27. Bh4 Nc8 28. Nc2 h6 29. Ra1 g5 30. Bf2 Bf6 31. Nce1 Qd8 32. Kf1 g4 33. Nd2 Bh4 34. g3 fxg3 35. Bxg3 Bxg3 36. hxg3 Qf6+ 37. Ke2 Ng5 38. Kd1 Nf3 39. Kc2 Nd4+ 40. Kb2 Qf2 41. Nc2 Qxg3 42. Rf1 Rxf1 43. Nxf1 Qf2 44. Nfe3 g3 45. Qe1 Qf3 46. Nf5 Nxf5 47. exf5 g2 48. Qxe5 g1Q 49. Qe6+ Kh7 50. f6 Qg6 51. Qd7+ Kh8 52. Qxc8+ Qg8 53. Qc6 Qxc6 0-1

[Event "Aragon-chT Honor Titulo"]
[Site "Aragon"]
[Date "2016.03.19"]
[Round "8.8"]
[White "Maza Broto, Pablo"]
[Black "Melendez Fierro, Juan Bautista"]
[Result "1-0"]
[WhiteElo "2082"]
[BlackElo "2146"]
[PlyCount "83"]
[EventDate "2016.03.19"]
[EventType "team-tourn"]
[EventRounds "10"]
[EventCountry "ESP"]
[SourceTitle "EXT 2018"]
[Source "ChessBase"]
[SourceDate "2017.10.13"]
[SourceVersion "1"]
[SourceVersionDate "2017.10.13"]
[SourceQuality "1"]
[WhiteTeam "Jaime Casas"]
[BlackTeam "El Olivar"]
[WhiteTeamCountry "ESP"]
[BlackTeamCountry "ESP"]

1. d4 e6 2. Nf3 f5 3. c4 Nf6 4. e3 d5 5. Be2 c6 6. 0-0 Bd6 7. b3 Ne4 8. Ba3 Bxa3 9. Nxa3 Nc3 10. Qc2 Nxe2+ 11. Qxe2 0-0 12. Ne5 Nd7 13. Nc2 Nxe5 14. dxe5 b6 15. Nd4 c5 16. Nb5 Bb7 17. Rfd1 Qe7 18. f4 Bc6 19. Nd6 g5 20. Qh5 gxf4 21. exf4 dxc4 22. bxc4 Qg7 23. Rd2 Rad8 24. Re1 Qg4 25. Qxg4+ fxg4 26. g3 Ra8 27. Kf2 a6 28. Rc1 h5 29. Ke3 Ra7 30. Ne4 Bxe4 31. Kxe4 Kf7 32. Rd6 Rb8 33. f5 exf5+ 34. Kxf5 Rab7 35. Rh6 Kg7 36. Rxh5 Rf7+ 37. Kxg4 Rf2 38. Rg5+ Kh7 39. Re1 Rxh2 40. e6 Re8 41. e7 Rd2 42. Rh1+ 1-0

[Event "Aragon-chT Honor GrB"]
[Site "Aragon"]
[Date "2015.01.31"]
[Round "2.27"]
[White "Gines Abad, Pedro"]
[Black "Melendez Fierro, Juan Bautista"]
[Result "0-1"]
[WhiteElo "2036"]
[BlackElo "2139"]
[PlyCount "120"]
[EventDate "2015.01.24"]
[EventType "team-tourn"]
[EventRounds "7"]
[EventCountry "ESP"]
[SourceTitle "EXT 2017"]
[Source "ChessBase"]
[SourceDate "2016.10.25"]
[SourceVersion "1"]
[SourceVersionDate "2016.10.25"]
[SourceQuality "1"]
[WhiteTeam "IberCaja"]
[BlackTeam "El Olivar"]
[WhiteTeamCountry "ESP"]
[BlackTeamCountry "ESP"]

1. Nf3 Nf6 2. d4 g6 3. c4 Bg7 4. g3 0-0 5. Bg2 d5 6. cxd5 Nxd5 7. 0-0 Nb6 8. Nc3 Nc6 9. e3 Be6 10. Re1 Qc8 11. Ng5 Bg4 12. f3 Bf5 13. g4 Bd7 14. Nge4 f5 15. Nc5 e5 16. d5 Ne7 17. Nxd7 Qxd7 18. e4 Rad8 19. Bg5 h6 20. Bh4 g5 21. Bg3 fxg4 22. fxg4 Ng6 23. h3 Nf4 24. Bf1 c6 25. dxc6 Qxc6 26. Qb3+ Kh8 27. Rad1 Qc5+ 28. Bf2 Nxh3+ 29. Bxh3 Qxf2+ 30. Kh1 Qf3+ 31. Kh2 Qf2+ 32. Kh1 Qf3+ 33. Kh2 Qf4+ 34. Kh1 Rxd1 35. Rxd1 Qf3+ 36. Kh2 Qf2+ 37. Kh1 Qf3+ 38. Kh2 Qf2+ 39. Kh1 Rf3 40. Bg2 Qh4+ 41. Kg1 Qf2+ 42. Kh2 Qh4+ 43. Kg1 Qxg4 44. Rd8+ Rf8 45. Rxf8+ Bxf8 46. Qb5 Qe6 47. Nd5 Nxd5 48. exd5 Qb6+ 49. Qxb6 axb6 50. Be4 Kg7 51. Kg2 Kf6 52. Kf3 h5 53. Kg3 Bb4 54. a4 Be1+ 55. Kf3 g4+ 56. Ke2 Bb4 57. b3 Kg5 58. Kf2 Kf4 59. Bg6 h4 60. Be8 h3 0-1

[Event "Aragon-chT Honor GrB"]
[Site "Aragon"]
[Date "2014.02.15"]
[Round "4.20"]
[White "Quintin Navarro, Alberto"]
[Black "Melendez Fierro, Juan Bautista"]
[Result "1-0"]
[WhiteElo "2320"]
[BlackElo "2157"]
[PlyCount "63"]
[EventDate "2014.01.25"]
[EventType "team-tourn"]
[EventRounds "7"]
[EventCountry "ESP"]
[SourceTitle "EXT 2015"]
[Source "ChessBase"]
[SourceDate "2014.11.20"]
[SourceVersion "1"]
[SourceVersionDate "2014.11.20"]
[SourceQuality "1"]
[WhiteTeam "St Casablanca"]
[BlackTeam "El Olivar"]
[WhiteTeamCountry "ESP"]
[BlackTeamCountry "ESP"]

1. Nf3 e6 2. c4 d5 3. g3 c6 4. Bg2 f5 5. 0-0 Nf6 6. d3 Bd6 7. Nc3 0-0 8. e4 dxe4 9. dxe4 Bb4 10. e5 Bxc3 11. bxc3 Ne4 12. Qc2 Nd7 13. Ba3 c5 14. Nd4 cxd4 15. cxd4 Re8 16. f3 Ng5 17. h4 Nf7 18. f4 Nb6 19. Rfd1 Bd7 20. Qd3 Ba4 21. Rd2 Rc8 22. Rc1 Rxc4 23. Rxc4 Bb5 24. Rc8 Qxc8 25. Qxb5 Rd8 26. Qc5 Qd7 27. Qe7 Nc4 28. Rd3 Qa4 29. d5 Re8 30. Qb4 Qxb4 31. Bxb4 exd5 32. Bxd5 1-0

[Event "Aragon-chT Honor GrB"]
[Site "Aragon"]
[Date "2014.02.01"]
[Round "2.20"]
[White "Cerrajeria Ruiz, Jesus Maria"]
[Black "Melendez Fierro, Juan Bautista"]
[Result "1-0"]
[WhiteElo "2140"]
[BlackElo "2157"]
[PlyCount "113"]
[EventDate "2014.01.25"]
[EventType "team-tourn"]
[EventRounds "7"]
[EventCountry "ESP"]
[SourceTitle "EXT 2015"]
[Source "ChessBase"]
[SourceDate "2014.11.20"]
[SourceVersion "1"]
[SourceVersionDate "2014.11.20"]
[SourceQuality "1"]
[WhiteTeam "Helios"]
[BlackTeam "El Olivar"]
[WhiteTeamCountry "ESP"]
[BlackTeamCountry "ESP"]

1. c4 e5 2. g3 Nc6 3. Bg2 g6 4. Nc3 Bg7 5. e3 d6 6. Nge2 h5 7. h3 h4 8. g4 Nh6 9. d4 f5 10. dxe5 fxg4 11. exd6 gxh3 12. Be4 Bf5 13. Bxf5 Nxf5 14. Nf4 Bxc3+ 15. bxc3 cxd6 16. Nxg6 Rh6 17. e4 Rxg6 18. exf5 Qe7+ 19. Kf1 Rg8 20. Qd5 0-0-0 21. Qe6+ Qxe6 22. fxe6 Rde8 23. Rxh3 Rg4 24. Ba3 Rxe6 25. Rd1 Rxc4 26. Bxd6 b5 27. Rd5 a6 28. f4 Ne7 29. Rdd3 Nf5 30. Be5 Ra4 31. Rd2 Ng3+ 32. Kg2 Rg6 33. Kf3 Nf5 34. Bd4 Rc4 35. Ke4 Ng3+ 36. Ke5 Rcc6 37. f5 Rg5 38. Rf2 Rh5 39. Rf4 Rch6 40. Bf2 Ne2 41. Re4 Nc1 42. Rexh4 Rxh4 43. Rxh4 Rxh4 44. Bxh4 Kd7 45. f6 Nd3+ 46. Ke4 Nc5+ 47. Kd5 Ne6 48. f7 Nf8 49. Ke5 a5 50. a3 Ng6+ 51. Kf6 Nf8 52. Bf2 Kc6 53. Be3 Kd6 54. Bb6 Nd7+ 55. Kg7 a4 56. Ba5 Kd5 57. Bb4 1-0

[Event "Aragon-chT Honor GrA"]
[Site "Aragon"]
[Date "2013.03.09"]
[Round "7.8"]
[White "Larraz Giganto, Carlos"]
[Black "Melendez Fierro, Juan Bautista"]
[Result "0-1"]
[WhiteElo "1876"]
[BlackElo "2172"]
[PlyCount "76"]
[EventDate "2013.01.26"]
[EventType "team"]
[EventRounds "7"]
[EventCountry "ESP"]
[SourceTitle "EXT 2014"]
[Source "ChessBase"]
[SourceDate "2013.11.20"]
[SourceVersion "1"]
[SourceVersionDate "2013.11.20"]
[SourceQuality "1"]
[WhiteTeam "IberCaja II"]
[BlackTeam "El Olivar"]
[WhiteTeamCountry "ESP"]
[BlackTeamCountry "ESP"]

1. e4 e6 2. Nf3 d5 3. Nc3 Nf6 4. e5 Nfd7 5. d4 c5 6. dxc5 Bxc5 7. Bd3 Nc6 8. Bf4 Be7 9. Qe2 a6 10. 0-0-0 b5 11. Rhe1 Nb4 12. a3 Nxd3+ 13. Qxd3 Nb6 14. Nd4 Bd7 15. Qg3 g6 16. Rd3 Rc8 17. Nb1 a5 18. Rc3 Nc4 19. Nd2 b4 20. Nxc4 dxc4 21. Rf3 bxa3 22. bxa3 Qb6 23. Ne2 Rb8 24. Rc3 Qb2+ 25. Kd1 Rd8 26. Nd4 Bb5 27. Bc1 Rxd4+ 28. Ke2 Re4+ 29. Kd2 Rd4+ 30. Ke2 Qa2 31. Qf3 Rd5 32. Rd1 Rxd1 33. Kxd1 0-0 34. Ke2 Qa1 35. Bd2 Rd8 36. Qb7 Rxd2+ 37. Kxd2 Bg5+ 38. Re3 c3# 0-1

[Event "Aragon-chT Honor Titulo"]
[Site "Aragon"]
[Date "2012.04.14"]
[Round "10.11"]
[White "Arregui Untoria, Carlos"]
[Black "Melendez Fierro, Juan Bautista"]
[Result "1-0"]
[WhiteElo "2080"]
[BlackElo "2208"]
[PlyCount "107"]
[EventDate "2012.02.04"]
[EventType "team-tourn"]
[EventRounds "11"]
[EventCountry "ESP"]
[SourceTitle "EXT 2014"]
[Source "ChessBase"]
[SourceDate "2013.11.20"]
[SourceVersion "1"]
[SourceVersionDate "2013.11.20"]
[SourceQuality "1"]
[WhiteTeam "St Casablanca II"]
[BlackTeam "Olivar"]
[WhiteTeamCountry "ESP"]
[BlackTeamCountry "ESP"]

1. d4 Nf6 2. c4 c5 3. d5 b5 4. cxb5 a6 5. f3 e6 6. e4 c4 7. Bxc4 axb5 8. Bxb5 Bc5 9. Nc3 0-0 10. Nge2 Qb6 11. Qd3 Na6 12. Na4 Bf2+ 13. Kf1 Qa7 14. Bg5 Nb4 15. Qc3 Nfxd5 16. exd5 Nxd5 17. Qd3 Bb7 18. Nac3 Nb4 19. Qxd7 Nc2 20. Rc1 Be3 21. Rxc2 Bxg5 22. Qd4 Qb8 23. a4 Rd8 24. Qc5 Bf6 25. Kf2 Rc8 26. Qe3 Be7 27. Kf1 Bc5 28. Qf4 e5 29. Qf5 Rd8 30. Rc1 g6 31. Qc2 Be3 32. Rd1 Qc7 33. Rd3 Ba7 34. h4 h5 35. Rxd8+ Rxd8 36. Bd3 Qb6 37. Nd1 e4 38. fxe4 Bxe4 39. Rh3 Qf6+ 40. Ke1 Bxd3 41. Rxd3 Qxh4+ 42. g3 Qh1+ 43. Kd2 Re8 44. b4 Rxe2+ 45. Kxe2 Qg2+ 46. Nf2 Qxf2+ 47. Kd1 Qg1+ 48. Kd2 Qf2+ 49. Kc3 Qf6+ 50. Kb3 h4 51. Qc8+ Kg7 52. gxh4 Qf1 53. Qc3+ Kh7 54. Rd8 1-0

[Event "Aragon-chT Honor Titulo"]
[Site "Spain"]
[Date "2011.04.02"]
[Round "9.3"]
[White "Melendez Fierro, Juan Bautista"]
[Black "Solano Lasierra, Javier"]
[Result "0-1"]
[WhiteElo "2224"]
[BlackElo "2156"]
[PlyCount "70"]
[EventDate "2011.03.26"]
[EventType "team-tourn"]
[EventRounds "11"]
[EventCountry "ESP"]
[SourceTitle "EXT 2013"]
[Source "ChessBase"]
[SourceDate "2012.11.22"]
[SourceVersion "1"]
[SourceVersionDate "2012.11.22"]
[SourceQuality "1"]
[WhiteTeam "Olivar"]
[BlackTeam "La Aurora Estadilla"]
[WhiteTeamCountry "ESP"]
[BlackTeamCountry "ESP"]

1. e4 e6 2. d3 d5 3. Nd2 c5 4. Ngf3 Nc6 5. g3 Nf6 6. Bg2 Be7 7. 0-0 Qc7 8. Re1 b6 9. exd5 Nxd5 10. Ne4 Bb7 11. b3 Rd8 12. Bb2 Nf6 13. Nxf6+ Bxf6 14. Bxf6 gxf6 15. Qd2 Nd4 16. Nxd4 cxd4 17. Bxb7 Qxb7 18. Re4 Qd5 19. Rae1 Rd6 20. c4 dxc3 21. Qxc3 Ke7 22. Rf4 Qg5 23. Rc4 Rhd8 24. Rc7+ R8d7 25. Rxd7+ Rxd7 26. Qb4+ Rd6 27. Qe4 Qd2 28. Re3 Qxa2 29. b4 Qa1+ 30. Kg2 Qd4 31. Qxh7 Qxb4 32. Re4 Qb5 33. Rc4 Qd5+ 34. Kh3 Rd7 35. Qh8 Qd6 0-1

[Event "Aragon-chT Honor I"]
[Site "Spain"]
[Date "2011.03.05"]
[Round "5.7"]
[White "Melendez Fierro, Juan Bautista"]
[Black "Cantin Zaborras, Valentin"]
[Result "1/2-1/2"]
[WhiteElo "2224"]
[BlackElo "2085"]
[PlyCount "79"]
[EventDate "2011.02.05"]
[EventType "team-tourn"]
[EventRounds "7"]
[EventCountry "ESP"]
[SourceTitle "EXT 2013"]
[Source "ChessBase"]
[SourceDate "2012.11.22"]
[SourceVersion "1"]
[SourceVersionDate "2012.11.22"]
[SourceQuality "1"]
[WhiteTeam "Olivar"]
[BlackTeam "Ramiro"]
[WhiteTeamCountry "ESP"]
[BlackTeamCountry "ESP"]

1. e4 e5 2. Nf3 Nc6 3. Bb5 a6 4. Bxc6 dxc6 5. 0-0 f6 6. d4 exd4 7. Nxd4 c5 8. Nb3 Qxd1 9. Rxd1 Bd7 10. Bf4 0-0-0 11. Nc3 Bc6 12. Rxd8+ Kxd8 13. Rd1+ Kc8 14. Nd5 Bxd5 15. Rxd5 b6 16. Nc1 Ne7 17. Rd2 Ng6 18. Bg3 Be7 19. Ne2 Rd8 20. Rxd8+ Bxd8 21. Nf4 Nxf4 22. Bxf4 c4 23. h4 Kd7 24. g4 b5 25. h5 b4 26. Bd2 a5 27. f4 c5 28. Kf2 a4 29. Kf3 Be7 30. Ke2 Kc6 31. Bc1 Kb5 32. Be3 b3 33. cxb3 cxb3 34. axb3 axb3 35. Bd2 c4 36. Bc3 Kc5 37. Kd2 Bd8 38. Ke3 Be7 39. Kd2 Bd8 40. Ke3 1/2-1/2

[Event "Aragon-chT Preferente"]
[Site "Spain"]
[Date "2010.03.13"]
[Round "8.18"]
[White "Gutierrez Mingueza, Ruben"]
[Black "Melendez Fierro, Juan Bautista"]
[Result "1/2-1/2"]
[WhiteElo "2063"]
[BlackElo "2241"]
[PlyCount "46"]
[EventDate "2010.01.23"]
[EventType "team-swiss"]
[EventRounds "12"]
[EventCountry "ESP"]
[SourceTitle "EXT 2013"]
[Source "ChessBase"]
[SourceDate "2012.11.22"]
[SourceVersion "1"]
[SourceVersionDate "2012.11.22"]
[SourceQuality "1"]
[WhiteTeam "San Jose"]
[BlackTeam "El Olivar"]
[WhiteTeamCountry "ESP"]
[BlackTeamCountry "ESP"]

1. d4 Nf6 2. c4 e6 3. Nf3 b6 4. g3 Ba6 5. b3 Bb4+ 6. Bd2 Be7 7. Nc3 d5 8. cxd5 exd5 9. Bg2 0-0 10. 0-0 c6 11. Ne5 Nfd7 12. Nxd7 Nxd7 13. Re1 Nf6 14. Qc2 c5 15. dxc5 bxc5 16. Bg5 Rc8 17. Rad1 d4 18. Bxf6 Bxf6 19. Ne4 Be7 20. Nd2 Bxe2 21. Rb1 Bh5 22. Qd3 Bg6 23. Be4 Re8 1/2-1/2

[Event "Aragon-chT Preferente"]
[Site "Spain"]
[Date "2010.02.27"]
[Round "6.50"]
[White "Gella Bitrian, Diego"]
[Black "Melendez Fierro, Juan Bautista"]
[Result "1/2-1/2"]
[WhiteElo "1950"]
[BlackElo "2241"]
[PlyCount "122"]
[EventDate "2010.01.23"]
[EventType "team-swiss"]
[EventRounds "12"]
[EventCountry "ESP"]
[SourceTitle "EXT 2013"]
[Source "ChessBase"]
[SourceDate "2012.11.22"]
[SourceVersion "1"]
[SourceVersionDate "2012.11.22"]
[SourceQuality "1"]
[WhiteTeam "Huesca Club Atletismo"]
[BlackTeam "El Olivar"]
[WhiteTeamCountry "ESP"]
[BlackTeamCountry "ESP"]

1. e4 e6 2. d4 d5 3. Nd2 c5 4. exd5 exd5 5. Ngf3 a6 6. dxc5 Bxc5 7. Bd3 Nc6 8. 0-0 Nge7 9. Re1 0-0 10. c3 Qb6 11. Qe2 Bf5 12. Bxf5 Nxf5 13. Nf1 d4 14. Ng3 Nxg3 15. hxg3 d3 16. Qf1 a5 17. Be3 Bxe3 18. Rxe3 Qxb2 19. Rxd3 Rad8 20. Rxd8 Rxd8 21. Qc1 Qxc1+ 22. Rxc1 Kf8 23. Rb1 Rd7 24. Kf1 Ke7 25. Ke2 f6 26. Nd2 Ne5 27. Rb5 Kd8 28. f4 Nc6 29. Nb3 Re7+ 30. Kf2 Rd7 31. Nxa5 Nxa5 32. Rxa5 Rd2+ 33. Kf1 Rc2 34. Ra8+ Kc7 35. Rg8 g6 36. Rg7+ Kc6 37. Rxh7 Rxc3 38. Rf7 Rxg3 39. Rxf6+ Kc5 40. Kf2 Ra3 41. Rxg6 b5 42. f5 b4 43. Re6 Rxa2+ 44. Re2 b3 45. f6 Ra6 46. Ke1 Rxf6 47. Kd2 Kb4 48. Re8 Ka3 49. Ra8+ Kb2 50. g4 Rg6 51. Ra4 Rd6+ 52. Ke2 Kc3 53. Ra8 Rb6 54. Rc8+ Kd4 55. Rd8+ Kc4 56. Rc8+ Kb4 57. Kd2 Rh6 58. Kc1 Rh1+ 59. Kb2 Rh2+ 60. Kb1 Rg2 61. Rb8+ Kc4 1/2-1/2

[Event "Aragon-chT Autonomico"]
[Site "Aragon"]
[Date "2007.02.10"]
[Round "3"]
[White "Melendez Fierro, Juan Bautista"]
[Black "Chueca Forcen, Alberto"]
[Result "1/2-1/2"]
[WhiteElo "2232"]
[BlackElo "2110"]
[PlyCount "72"]
[EventDate "2007.01.27"]
[EventType "team"]
[EventRounds "9"]
[EventCountry "ESP"]
[SourceTitle "EXT 2008"]
[Source "ChessBase"]
[SourceDate "2007.11.25"]
[SourceVersion "1"]
[SourceVersionDate "2007.11.25"]
[SourceQuality "1"]
[WhiteTeam "CAI Olivar"]
[BlackTeam "CAI Olivar II"]
[WhiteTeamCountry "ESP"]
[BlackTeamCountry "ESP"]

1. e4 e5 2. Nf3 Nc6 3. Bb5 Nf6 4. Nc3 Bc5 5. Nxe5 0-0 6. Nxc6 dxc6 7. Be2 Qd4 8. 0-0 Nxe4 9. Nxe4 Qxe4 10. d3 Qe5 11. Bf3 Re8 12. c3 Bd6 13. g3 Bh3 14. Bg2 Bxg2 15. Kxg2 Rad8 16. d4 Qe4+ 17. f3 Qe2+ 18. Qxe2 Rxe2+ 19. Rf2 Re1 20. b3 c5 21. Bb2 Rxa1 22. Bxa1 cxd4 23. cxd4 Re8 24. Bc3 f6 25. Rc2 Kf7 26. Kf2 Re7 27. Re2 Rxe2+ 28. Kxe2 Ke6 29. Kd3 Kd5 30. Be1 h5 31. h3 g5 32. g4 h4 33. a4 a6 34. Bd2 b6 35. Be1 a5 36. Bd2 c6 1/2-1/2

[Event "ESP Autonomico-chT"]
[Site "Spain"]
[Date "2006.03.11"]
[Round "6.19"]
[White "Melendez Fierro, Juan Bautista"]
[Black "Gaspar Calvo, Luis Alberto"]
[Result "1-0"]
[WhiteElo "2263"]
[BlackElo "1963"]
[PlyCount "49"]
[EventDate "2006.02.04"]
[EventType "team"]
[EventRounds "9"]
[EventCountry "ESP"]
[SourceTitle "EXT 2007"]
[Source "ChessBase"]
[SourceDate "2006.11.23"]
[SourceVersion "1"]
[SourceVersionDate "2006.11.23"]
[SourceQuality "1"]

1. e4 e5 2. Nf3 Nc6 3. Bb5 a6 4. Bxc6 dxc6 5. 0-0 Bg4 6. h3 h5 7. d3 Bxf3 8. Qxf3 Qh4 9. Nc3 Nh6 10. Ne2 Bc5 11. Be3 Bxe3 12. Qxe3 0-0 13. f4 exf4 14. Rxf4 Qg5 15. Raf1 Rae8 16. Qf2 Qb5 17. b3 Qb6 18. d4 Qa5 19. Ng3 g6 20. e5 Qxa2 21. Nxh5 gxh5 22. Rf6 Kh7 23. Qf4 Ng8 24. Qf5+ Kg7 25. Qg5+ 1-0

[Event "ESP Autonomico-chT"]
[Site "Spain"]
[Date "2006.02.04"]
[Round "1.18"]
[White "Melendez Fierro, Juan Bautista"]
[Black "Solano Lasierra, Javier"]
[Result "1/2-1/2"]
[WhiteElo "2263"]
[BlackElo "2106"]
[PlyCount "46"]
[EventDate "2006.02.04"]
[EventType "team"]
[EventRounds "9"]
[EventCountry "ESP"]
[SourceTitle "EXT 2007"]
[Source "ChessBase"]
[SourceDate "2006.11.23"]
[SourceVersion "1"]
[SourceVersionDate "2006.11.23"]
[SourceQuality "1"]

1. e4 e6 2. d4 d5 3. Nc3 dxe4 4. Nxe4 Nd7 5. Nf3 Ngf6 6. Bg5 Be7 7. Nxf6+ Nxf6 8. c3 0-0 9. Bd3 h6 10. Bxf6 Bxf6 11. Qe2 c5 12. dxc5 Qc7 13. Qe3 Bd7 14. 0-0 Rfc8 15. Be4 Rab8 16. Rfd1 b6 17. cxb6 Rxb6 18. Rd2 Rcb8 19. Rad1 Be8 20. Qe2 Bb5 21. Qe3 Be8 22. Qe2 Bb5 23. Qe3 Be8 1/2-1/2

[Event "Autonomico-chT"]
[Site "Aragon"]
[Date "2005.04.02"]
[Round "9.16"]
[White "Melendez Fierro, Juan Bautista"]
[Black "Fernando Gros, Jorge Luis"]
[Result "1/2-1/2"]
[WhiteElo "2261"]
[BlackElo "2101"]
[PlyCount "60"]
[EventDate "2005.01.22"]
[EventType "team"]
[EventRounds "12"]
[EventCountry "ESP"]
[SourceTitle "EXT 2006"]
[Source "ChessBase"]
[SourceDate "2005.11.24"]
[SourceVersion "1"]
[SourceVersionDate "2005.11.24"]
[SourceQuality "1"]

1. e4 d6 2. d4 Nf6 3. Nc3 e5 4. dxe5 dxe5 5. Qxd8+ Kxd8 6. Nf3 Bd6 7. Bg5 Be6 8. 0-0-0 Nbd7 9. Bb5 Kc8 10. Nd2 Ng4 11. Bh4 Bc5 12. Rdf1 c6 13. Bc4 Bxc4 14. Nxc4 b5 15. Nd2 h6 16. Bg3 Kb7 17. Nf3 Rhe8 18. Rd1 Re7 19. Rd2 Rae8 20. a3 a5 21. Rhd1 Ngf6 22. Re2 Nh5 23. Red2 Kc7 24. Ne1 Nxg3 25. hxg3 Nf6 26. Re2 Bd4 27. Nb1 Rd7 28. c3 Bb6 29. Rxd7+ Nxd7 30. Nd3 Nc5 1/2-1/2